Fukuoka Airport Destinations (Fukuoka, Japan) - Statistics

General Stats
  • This quiz has been taken 69 times
    21 since last reset
  • The average score is 31 of 53
Answer Stats
Airline Destination % Correct
Thai AirAsia Bangkok (Don Mueang)
100%
Thai Airways International/Thai VietJet Air Bangkok (Suvarnabhumi)
100%
Air China Beijing (Capital)
100%
AirAsia/China Airlines/EVA Air/Starlux Airlines/Tigerair Taiwan Taipei (Taoyuan)
100%
Air Busan/Eastar Jet/Jeju Air/Jin Air/Korean Air/T'way Air Busan
94%
VietJet Air/Vietnam Airlines Hanoi
94%
Cathay Pacific/HK Express/Hong Kong Airlines Hong Kong
94%
ANA Wings/J-Air Osaka (Itami)
94%
Jetstar Japan/Peach Osaka (Kansai)
94%
Air Busan/Air Seoul/Asiana Airlines/Eastar Jet/Jeju Air/Jin Air/Korean Air/T'way Air Seoul (Incheon)
94%
Air China/China Eastern Airlines/Juneyao Air/Shanghai Airlines/Spring Airlines Shanghai (Pudong)
94%
All Nippon Airways/ANA Wings/Japan Airlines/Skymark Airlines/StarFlyer Tokyo (Haneda)
94%
Japan Airlines/Jetstar Japan/Peach Tokyo (Narita)
94%
VietJet Air/Vietnam Airlines Ho Chi Minh City
89%
Cebu Pacific/Philippine Airlines Manila
89%
Air Do/All Nippon Airways/ANA Wings/Fuji Dream Airlines/Japan Airlines/Peach/Skymark Airlines Sapporo (Chitose)
89%
Singapore Airlines Singapore
89%
Jeju Air Jeju
83%
All Nippon Airways/ANA Wings/Ibex Airlines/Jetstar Japan/Oriental Air Bridge/StarFlyer Nagoya (Centrair)
83%
Fuji Dream Airlines Nagoya (Komaki)
83%
All Nippon Airways/ANA Wings/Japan Transocean Air/Peach/Skymark Airlines/Solaseed Air Naha
78%
Fuji Dream Airlines/Ibex Airlines/StarFlyer Sendai
72%
Loong Air Xi'an
72%
T'way Air Daegu
67%
Spring Airlines Guangzhou
67%
China Airlines/EVA Air/Tigerair Taiwan Kaohsiung
67%
China Eastern Airlines Nanjing
67%
Air China/Spring Airlines Dalian
61%
Japan Air Commuter Kagoshima
50%
J-Air Kōchi
50%
Fuji Dream Airlines/Ibex Airlines Niigata
50%
J-Air Matsuyama
44%
China Eastern Airlines Qingdao
44%
ANA Wings/J-Air/Oriental Air Bridge Miyazaki
39%
Jeju Air Muan
39%
Amakusa Airlines Amakusa
33%
Skymark Airlines Ibaraki
33%
Peach Ishigaki
33%
ANA Wings Komatsu
33%
Fuji Dream Airlines Shizuoka
33%
J-Air Amami Oshima
28%
AirAsia Kota Kinabalu
28%
J-Air Tokushima
22%
T'way Air Cheongju
17%
Japan Air Commuter Izumo
17%
Fuji Dream Airlines Matsumoto
17%
ANA Wings/Oriental Air Bridge Tsushima
17%
Japan Air Commuter Yakushima
17%
China Eastern Airlines Yantai
17%
ANA Wings/Oriental Air Bridge Fukue
11%
Skymark Airlines Shimojishima
11%
Japan Air Commuter Tanegashima
11%
Fuji Dream Airlines Hanamaki
6%
No matching quizzes found
Score Distribution
Percent of People with Each Score
Percentile by Number Answered
Your Score History
You have not taken this quiz since the last reset